000 00455nam a2200169Ia 4500
005 20250423095057.0
008 250422s9999 xx 000 0 und d
020 _a0781716144
050 _aRC 925 .D526/
245 0 _aDiseases of skeletal muscle
260 _aPhiladelphia, PA
260 _bLippincott Williams and Wilkins
260 _cc2000
300 _a380 p
650 _aMuscles--Diseases. Muscle, Skeletal. Muscular Diseases.
942 _cBK
999 _c29172
_d29172